00571cam a22001698a 4500020001500000020001600015040000800031082002600039100001700065245005600082260004900138300003100187520013700218650000900355650001700364650002000381 a0807573361 a0807573345  cDLC00a636 ALB 1999 A091 Or.1 aKehret, Peg.10aShelter dogs :bamazing stories of adopted strays / aMorton Grove, Ill. :bAlbert Whitman,c1999. a[135] p. :bill. ;c21 cm. aTells the stories of eight stray dogs that were adopted from animal shelters and went on to become service dogs, actors, and heroes. 0aDogs 0aDog adoption 0aAnimal shelters